000
00220 a2200097 4500
001
19656
100
_a
Atkinson P
245
_a
Feedback control theory for engineers
260
_a
_b
Plenum
_c
1968
090
_c
14323
_d
14323
942
_a
NUST-CAE
_c
M
_c
4807
999
_c
254729
_d
254729